000 00487nam a2200181Ia 4500
005 20250317122835.0
008 008 250317s9999 xx 000 0 eng d
037 _aTextbook
040 _aFMSL
_beng
_cFMSL
041 _aeng
_2eng
084 _aB28 N7
_qFMSL
100 _aMaxwell A E
_9496799
245 0 _aAnalysing qualitative data
260 _aLondon
_bLondon, Methuen
_c1967
300 _a163p
942 _cTB
_hB28 N7
999 _c1248884
_d1248884